Países en 90 Grados Este - Estadísticas

Estadísticas generales
  • Esta prueba ha sido intentada 18 veces
  • La puntuación promedio es 18 de 20
Estadísticas de respuestas
grados país % Correcto
Bután
100%
China
100%
9.63° Malasia
100%
Mongolia
100%
1.81° Nepal
100%
Rusia
100%
13.60° Singapur
100%
7.30° Tailandia
100%
India
94%
5.01° Indonesia
94%
2.15° Myanmar
94%
8.13° Sri Lanka
94%
Bangladés
88%
12.32° Camboya
88%
10.07° Laos
88%
2.71° Kazajistán
82%
14.70° Pakistán
82%
14.95° Tayikistán
82%
12.11° Vietnam
82%
9.86° Kirguistán
76%
No se encontraron pruebas coincidentes
Distribución de puntuación
Porcentaje de gente con cada puntuación
Porcentaje por número respondido
Historial de tus puntuaciones
No has intentado esta prueba.